| 000 | 00898cam a2200217 4500 | ||
|---|---|---|---|
| 001 | E134322 | ||
| 008 | 020527n2006 000 0 eng u | ||
| 020 | _a1904829376 | ||
| 035 | _a(Sirsi) u134322 | ||
| 041 | _aeng. | ||
| 050 | _a690.24 $2 18 | ||
| 110 |
_aBuilding Maintenance Information _93229 |
||
| 245 | _aReview of occupancy costs 2006 | ||
| 260 |
_aLondon _bBuilding Maintenance Information _c2006 |
||
| 300 |
_a107p. _c30cm. |
||
| 490 |
_aBMI Special Report _v352 |
||
| 520 | _aContains estimates for the annual average of occupancy costs (cleaning, utilities and administrative costs) for a range of building types. The costs are based on a survey of published data and unpublished BMI studies. | ||
| 690 | _aPROPERTY-COMMERCIAL PROPERTY-COMMERCIAL PROPERTY MANAGEMENT-COMMERCIAL PROPERTY OCCUPANCY COSTS | ||
| 690 | _aPROPERTY-PROPERTY MANAGEMENT-OCCUPANCY COSTS | ||
| 942 | _n0 | ||
| 999 |
_c105645 _d105645 |
||